Visualizzazione normale
Vista MARC
- Gibb Maurice
di Personal Name
Records bibliografici associati: 1
001 - CONTROL NUMBER
- control field: 10237
003 - CONTROL NUMBER IDENTIFIER
- control field: IT-RoPau
005 - DATE AND TIME OF LATEST TRANSACTION
- control field: 20140122151026.0
008 - FIXED-LENGTH DATA ELEMENTS
- fixed length control field: 140122|| aca||aabn | a|a d
040 ## - CATALOGING SOURCE
- Original cataloging agency: IT-RoPau
- Transcribing agency: IT-RoPau
100 ## - HEADING--PERSONAL NAME
- Personal name: Gibb Maurice
- Miscellaneous information: Codice autore musica SPICS: 15512
- Relator term: Autore musica
- Name of part/section of a work: Run To Me
670 ## - SOURCE DATA FOUND
- Source citation: Work cat.: (IT-RoPau)103947: AA.VV. 794, Fly (A. Sciascia orchestra, coro e moog)